| 000 | 01778cam a22004574i 4500 | ||
|---|---|---|---|
| 003 | PE-LiUPU | ||
| 005 | 20250731183442.0 | ||
| 008 | 150706s2010 r 000 0 d | ||
| 020 | _a9789972209802 | ||
| 035 | _a(Sirsi) i9789972209802 | ||
| 040 |
_aPE-LiUPU _bspa _cPE-LiUPU _erda |
||
| 049 | _aPRUA | ||
| 082 | 0 | 4 |
_a721.044 8 _bG7 _221 |
| 245 | 0 | 3 |
_aEl gran libro de la madera / _cOscar Asensio, editor . |
| 264 | 1 |
_aBarcelona : _bLexus Editores, _c2010. |
|
| 300 |
_a235 páginas : _bilustraciones ; _c34 cm. |
||
| 336 |
_atext _2rdacontent |
||
| 337 |
_aunmediated _2rdamedia |
||
| 338 |
_avolume _2rdacarrier |
||
| 505 | 0 | _aSuelos y terrazas -- Puertas -- Ventanas -- Muebles -- Escaleras -- Techos y fachadas -- Expomueble -- Directorio colaboradores -- Direcciones útiles de la madera. | |
| 526 | _aP158 | ||
| 526 | _aP146 | ||
| 526 | _aP17 | ||
| 526 | _aP12 | ||
| 526 | _aP06 | ||
| 541 | _g015-0015393; | ||
| 650 | 0 | 4 |
_aMadera _xClasificación. |
| 650 | 0 | 4 |
_aCarpintería. _981 |
| 650 | 0 | 4 |
_aTrabajos en madera. _982 |
| 650 | 0 | 4 | _aPuertas de madera. |
| 650 | 0 | 4 | _aMuebles en madera. |
| 650 | 0 | 4 |
_aArquitectura Moderna _ySiglo XXI. |
| 700 | 1 |
_aAsensio, Oscar, _eed- |
|
| 700 | 1 |
_aVanesa Arruiz, Yanina, _eed. |
|
| 910 |
_clch _d20130705 |
||
| 942 |
_2ddc _cBOOK |
||
| 949 |
_a721.044 8 G7 _wDEWEY _c1 _i67603 _lCCODEBUL1 _mBUL _p32.00 _r0 _sY _tBOOK _u2015-7-6 _xINGENIERIA _PP06 _o.STAFF. Colección General |
||
| 994 |
_aC0 _bPEPRU |
||
| 596 | _a1 | ||
| 999 |
_a721.044 8 G7 _wDEWEY _c55243 _i67603 _d55243 _e2017-5-22 _f2021-11-9 _g7 _lCCODEBUL1 _mBUL _n5 _p32.00 _q1 _r0 _sY _tBOOK _u2015-7-6 _xINGENIERIA _PP06 _0COMPRA _o.STAFF. Colección Ingenieria y Arquitectura |
||
| 980 |
_81 _gALBERTO SANCHEZ Responsable de Automatización |
||